000 01335nam a2200373 c 4500
001 58076
003 CO-BoRNBP
005 20250814225911.0
007 ta
008 211019s2021 ck a|||ar|||| 00| 1 spa d
020 _a9789585338647
040 _aCO-BoRNBP
_bspa
_erda
_cCO-BoRNBP
041 0 _aspa
043 _as-ck---
084 _aA
100 1 _aArciniegas, Triunfo
_d1957-
_eaut
_931
245 1 3 _aLa gallina y el monstruo /
_ctexto Triunfo Arciniegas ; ilustraciones Mariana Ruiz Johnson.
250 _aEdición especial
264 1 _aBogotá, Colombia :
_bCataplum Libros,
_c2021
300 _a[28] páginas sin numerar :
_bilustraciones a color
336 _atexto
_btxt
_2rdacontent
337 _asin mediación
_bn
_2rdamedia
338 _avolumen
_bnc
_2rdacarrier
490 0 _aPlan Nacional de Lectura y Escritura Leer es mi Cuento / Ministerio de Cultura
521 _aRecomendado para un público infantil mayor de 3 años
650 0 7 _aAdopción
_válbum
_2lemb
_9719
650 0 4 _aÁlbumes infantiles colombianos
_ysiglo xx
_2LEMB
_91018
650 0 7 _aMiedos infantiles
_válbum
_2lemb
_91019
650 0 7 _aVida familiar
_válbum
_2lemb
_9984
650 0 4 _aLiteratura infantil colombiana
_ysiglo xx
_2LEMB
_9364
655 _aÁlbumes
_9324623
700 _aRuiz Johnson, Mariana
_eill
_91020
942 _2loc
_cBKLIT
999 _c58076
_d58076